For a critique of the political economy of the sign

Đã lưu trong:
書目詳細資料
主要作者: Baudrillard, Jean
格式: 圖書
語言:Undetermined
出版: New York Telos Press 1981
主題:
標簽: 添加標簽
沒有標簽, 成為第一個標記此記錄!
Thư viện lưu trữ: Trung tâm Học liệu Trường Đại học Cần Thơ
LEADER 00460nam a2200169Ia 4500
001 CTU_79308
008 210402s9999 xx 000 0 und d
082 |a 330 
082 |b B342 
100 |a Baudrillard, Jean 
245 0 |a For a critique of the political economy of the sign 
245 0 |c Jean Baudrillard 
260 |a New York 
260 |b Telos Press 
260 |c 1981 
650 |a Economics 
980 |a Trung tâm Học liệu Trường Đại học Cần Thơ